000 01645cam a22004574i 4500
003 PE-LiUPU
005 20250731173450.0
008 150616s r 000 0 d
020 _a8425406064
035 _a(Sirsi) i9788425406065
040 _aPE-LiUPU
_bspa
_cPE-LiUPU
_erda
049 _aPRUA
082 0 4 _a281.102
_bJ76
_221
100 1 _aJournel, Rouët de,
_eautor.
245 1 0 _aEnchiridion Patristicum.
264 1 _aBarcelona :
_bEdiciones Herder,
_c1981.
300 _a817 páginas ;
_c20 centímetros
336 _atext
_2rdacontent
337 _aunmediated
_2rdamedia
338 _avolume
_2rdacarrier
505 0 _aEpistula barnabae -- Polycarpus -- S.Caius Presbyter -- Tatianus -- Athenagoras -- Theophilus Antiochenus -- Minucius Felix -- Tertullianus -- s. Hippolytus -- clemens alexandrinus -- Origenes -- Theognostus, etc -- Padres de la Iglesia. Iglesia.
526 _aSEG42
526 _aSEG41
526 _aSEG40
526 _aSEG39
526 _aP94
526 _aP87
526 _aP86
526 _aP85
526 _aP77
526 _aP76
526 _aP35
650 0 4 _aPADRES DE LA IGLESIA - MANUALES.
910 _ajck
_bjvq
_cjck
942 _2ddc
_cBOOK
949 _a281.102 J76
_wDEWEY
_c1
_i29079
_lCCODEBUL1
_mBUL
_r0
_sY
_tBOOK
_u2015-6-16
_xTEOLOGIA
_zUNKNOWN
_0COMPRA
_o.STAFF. Colección General
994 _aC0
_bPEPRU
596 _a1
999 _a281.102 J76
_wDEWEY
_c57510
_i29079
_f2021-11-11
_g5
_lCCODEBUL1
_mBUL
_r0
_sY
_tBOOK
_u2015-6-16
_xTEOLOGIA
_zUNKNOWN
_0COMPRA
_o.STAFF. Colección General
_d57510
980 _81
_gALBERTO SANCHEZ Responsable de Automatización